<?xml version="1.0" encoding="UTF-8"?><?xml-stylesheet type="text/xsl" href="static/style.xsl"?><OAI-PMH xmlns="http://www.openarchives.org/OAI/2.0/" xmlns:xsi="http://www.w3.org/2001/XMLSchema-instance" xsi:schemaLocation="http://www.openarchives.org/OAI/2.0/ http://www.openarchives.org/OAI/2.0/OAI-PMH.xsd"><responseDate>2026-04-18T04:21:08Z</responseDate><request verb="GetRecord" identifier="oai:www.recercat.cat:10230/33538" metadataPrefix="marc">https://recercat.cat/oai/request</request><GetRecord><record><header><identifier>oai:recercat.cat:10230/33538</identifier><datestamp>2025-12-25T19:58:04Z</datestamp><setSpec>com_2072_6</setSpec><setSpec>col_2072_452954</setSpec></header><metadata><record xmlns="http://www.loc.gov/MARC21/slim" xmlns:dcterms="http://purl.org/dc/terms/" xmlns:xsi="http://www.w3.org/2001/XMLSchema-instance" xmlns:doc="http://www.lyncode.com/xoai" xsi:schemaLocation="http://www.loc.gov/MARC21/slim http://www.loc.gov/standards/marcxml/schema/MARC21slim.xsd">
   <leader>00925njm 22002777a 4500</leader>
   <datafield ind2=" " ind1=" " tag="042">
      <subfield code="a">dc</subfield>
   </datafield>
   <datafield ind2=" " ind1=" " tag="720">
      <subfield code="a">Gudmundsdottir, Saga</subfield>
      <subfield code="e">author</subfield>
   </datafield>
   <datafield ind2=" " ind1=" " tag="720">
      <subfield code="a">Helgason, Olafur Heidar</subfield>
      <subfield code="e">author</subfield>
   </datafield>
   <datafield ind2=" " ind1=" " tag="720">
      <subfield code="a">Leitner, Moritz</subfield>
      <subfield code="e">author</subfield>
   </datafield>
   <datafield ind2=" " ind1=" " tag="720">
      <subfield code="a">McDonnell, Clíona</subfield>
      <subfield code="e">author</subfield>
   </datafield>
   <datafield ind2=" " ind1=" " tag="720">
      <subfield code="a">Schramm, Alexander</subfield>
      <subfield code="e">author</subfield>
   </datafield>
   <datafield ind2=" " ind1=" " tag="260">
      <subfield code="c">2017-12-19T17:03:15Z</subfield>
   </datafield>
   <datafield ind2=" " ind1=" " tag="260">
      <subfield code="c">2017-12-19T17:03:15Z</subfield>
   </datafield>
   <datafield ind2=" " ind1=" " tag="260">
      <subfield code="c">2017</subfield>
   </datafield>
   <datafield ind2=" " ind1=" " tag="520">
      <subfield code="a">Treball fi de màster de: Master&amp;apos;s Degree in Economics and Finance</subfield>
   </datafield>
   <datafield ind2=" " ind1=" " tag="520">
      <subfield code="a">Directors: Manuel García-Santana i Libertad González</subfield>
   </datafield>
   <datafield ind2=" " ind1=" " tag="520">
      <subfield code="a">This paper investigates whether and how geographical distance matters for bank lending&#xd;
within and between countries in the European Union. We estimate gravity-type&#xd;
regressions in various specifications, incorporating novel econometric insights which&#xd;
have thus far not been applied in the context of bank lending. Using re-cently published,&#xd;
disaggregated data on banks’ credit exposures from the European Banking Authority,&#xd;
we find the elasticity of lending with respect to distance to be -1.42 in our main&#xd;
specification. Controlling for various factors, the negative rela-tionship remains&#xd;
persistent. We argue that this relationship is largely attributable to information costs,&#xd;
though cultural and historical ties between countries, capital requirements, local&#xd;
competition and cross-border trade also play a role. The analy-sis highlights the enduring&#xd;
influence of factors which prevent full European financial integration.</subfield>
   </datafield>
   <datafield ind2=" " ind1=" " tag="520">
      <subfield code="a">Aquest article investiga si i com la distància geogràfica és important per als préstecs&#xd;
bancaris dins i entre països de la Unió Europea. Estimem les regressions de tipus&#xd;
gravitat en diverses especificacions, incorporant nous coneixements economètrics que&#xd;
fins ara no s&amp;apos;han aplicat en el context dels préstecs bancaris. Utilitzant dades publicades&#xd;
recentment i desglossades sobre les exposicions de crèdit dels bancs de l&amp;apos;Autoritat&#xd;
Bancària Europea, trobem l&amp;apos;elasticitat dels préstecs respecte a la distància a -1.42 en la&#xd;
nostra especificació principal. Controlant diversos factors, la relació negativa continua&#xd;
sent persistent. Argumentem que aquesta relació és en gran part atribuïble als costos&#xd;
d&amp;apos;informació, tot i que els vincles culturals i històrics entre països, els requeriments de&#xd;
capital, la competència local i el comerç transfronterer també tenen un paper. L&amp;apos;anàlisi&#xd;
posa de manifest la influència duradora dels factors que impedeixen la plena integració&#xd;
financera europea.</subfield>
   </datafield>
   <datafield tag="653" ind2=" " ind1=" ">
      <subfield code="a">Treball de fi de màster – Curs 2016-2017</subfield>
   </datafield>
   <datafield tag="653" ind2=" " ind1=" ">
      <subfield code="a">Gravity model</subfield>
   </datafield>
   <datafield tag="653" ind2=" " ind1=" ">
      <subfield code="a">International bank lending</subfield>
   </datafield>
   <datafield tag="653" ind2=" " ind1=" ">
      <subfield code="a">European integration</subfield>
   </datafield>
   <datafield tag="653" ind2=" " ind1=" ">
      <subfield code="a">Model de gravetat</subfield>
   </datafield>
   <datafield tag="653" ind2=" " ind1=" ">
      <subfield code="a">Préstecs bancaris internacionals</subfield>
   </datafield>
   <datafield tag="653" ind2=" " ind1=" ">
      <subfield code="a">Integració europea</subfield>
   </datafield>
   <datafield ind2="0" ind1="0" tag="245">
      <subfield code="a">Gravity in bank lending within the European Union</subfield>
   </datafield>
</record></metadata></record></GetRecord></OAI-PMH>